[Event "Montevideo Andrea Memorial 3rd"]
[Site "Montevideo"]
[Date "2018.05.24"]
[Round "6"]
[White "Fernandez Cuneo, Carlos"]
[Black "Valls, Luis E"]
[Result "1-0"]
[WhiteElo "1642"]
[BlackElo "1577"]
[PlyCount "57"]
[EventDate "2018.05.08"]
[EventType "swiss"]
[EventRounds "6"]
[EventCountry "URU"]
[SourceTitle "CBM 184 Extra"]
[Source "ChessBase"]
[SourceDate "2018.06.28"]
[SourceVersion "1"]
[SourceVersionDate "2018.06.28"]
[SourceQuality "1"]

1. e4 Nf6 2. Nc3 d5 3. e5 d4 4. exf6 dxc3 5. fxe7 cxd2+ 6. Bxd2 Bxe7 7. Nf3 Bg4 8. h3 Bh5 9. Bc4 0-0 10. Qe2 Re8 11. 0-0-0 Bd6 12. Be3 Nc6 13. Rd5 Ne5 14. g4 Nxc4 15. Qxc4 Bg6 16. Rhd1 Be4 17. Ng5 Bxd5 18. Qxd5 Qf6 19. Qd3 Qg6 20. Qd5 Rab8 21. h4 Re5 22. Qd4 Rc5 23. Rd2 f6 24. h5 Qe8 25. Ne4 Ra5 26. Nxd6 cxd6 27. Qxd6 h6 28. Qc7 Ra6 29. Rd7 1-0

[Event "Montevideo Andrea Memorial 3rd"]
[Site "Montevideo"]
[Date "2018.05.10"]
[Round "2"]
[White "Valls, Luis E"]
[Black "Barboza, Mauro"]
[Result "0-1"]
[WhiteElo "1577"]
[BlackElo "1876"]
[PlyCount "90"]
[EventDate "2018.05.08"]
[EventType "swiss"]
[EventRounds "6"]
[EventCountry "URU"]
[SourceTitle "CBM 184 Extra"]
[Source "ChessBase"]
[SourceDate "2018.06.28"]
[SourceVersion "1"]
[SourceVersionDate "2018.06.28"]
[SourceQuality "1"]

1. f4 d5 2. g3 b6 3. Bg2 Bb7 4. Nf3 e6 5. d3 Nf6 6. 0-0 Bc5+ 7. Kh1 Nbd7 8. c3 Qe7 9. b4 Bd6 10. Re1 c5 11. a3 0-0 12. h3 Nh5 13. Kh2 Qf6 14. e3 cxb4 15. Bb2 a5 16. d4 Rfc8 17. Ne5 Bxe5 18. dxe5 Nxe5 19. axb4 Nc4 20. Qxh5 Nxb2 21. bxa5 Nc4 22. e4 dxe4 23. Bxe4 Bxe4 24. Rxe4 bxa5 25. Ra4 Rab8 26. Raxc4 Rxc4 27. Rxc4 Rb2+ 28. Kg1 Rxb1+ 29. Kf2 Rb2+ 30. Ke1 Qd8 31. Rd4 Qa8 32. Qf3 Rb8 33. Qxa8 Rxa8 34. Ra4 Kf8 35. Kd2 Ke8 36. Kd3 Kd7 37. Kd4 Kc6 38. Kc4 Kb6 39. Kb3 Rd8 40. Rd4 Rxd4 41. cxd4 Kb5 42. g4 a4+ 43. Kc3 a3 44. Kb3 a2 45. Kxa2 Kc4 0-1

[Event "Montevideo Trebejos op 04"]
[Site "Montevideo"]
[Date "2016.04.21"]
[Round "6"]
[White "Valls, Luis E"]
[Black "Milans, Carlos"]
[Result "0-1"]
[WhiteElo "1600"]
[BlackElo "1865"]
[PlyCount "110"]
[EventDate "2016.04.11"]
[EventType "swiss"]
[EventRounds "7"]
[EventCountry "URU"]
[SourceTitle "CBM 172 Extra"]
[Source "ChessBase"]
[SourceDate "2016.06.21"]
[SourceVersion "1"]
[SourceVersionDate "2016.06.21"]
[SourceQuality "1"]

1. f4 e6 2. g3 f5 3. Nf3 Nf6 4. Bg2 Be7 5. d3 0-0 6. 0-0 d6 7. Nc3 Nc6 8. e4 a6 9. a4 e5 10. Qe1 Re8 11. fxe5 dxe5 12. Bg5 Nd4 13. Nxd4 exd4 14. Bxf6 Bxf6 15. Nd5 Bg5 16. Qb4 a5 17. Qc4 Be6 18. Qxc7 Rc8 19. Qxd8 Rexd8 20. h4 Be3+ 21. Nxe3 dxe3 22. Rac1 fxe4 23. Bxe4 Bg4 24. c4 Rf8 25. Rxf8+ Rxf8 26. Rf1 Rd8 27. Re1 e2 28. Kf2 b6 29. Ke3 g6 30. d4 Re8 31. Kd3 Kf7 32. d5 Ke7 33. Kd2 Kd6 34. Bd3 Rc8 35. b3 Rf8 36. Bxe2 Rf2 37. Kd1 Bf5 38. g4 Be4 39. h5 g5 40. Rf1 Rxf1+ 41. Bxf1 h6 42. Kd2 Ke5 43. Bd3 Bf3 44. Bf5 Kd6 45. Kc3 Kc5 46. d6 Kxd6 47. b4 Bd1 48. bxa5 bxa5 49. Kd4 Bxa4 50. c5+ Ke7 51. Kd5 Bb3+ 52. Kc6 a4 53. Kb7 a3 54. Bb1 a2 55. Bxa2 Bxa2 0-1

[Event "Montevideo Trebejos op 04"]
[Site "Montevideo"]
[Date "2016.04.20"]
[Round "5"]
[White "Sanchez, Horacio"]
[Black "Valls, Luis E"]
[Result "1-0"]
[WhiteElo "2072"]
[BlackElo "1600"]
[PlyCount "55"]
[EventDate "2016.04.11"]
[EventType "swiss"]
[EventRounds "7"]
[EventCountry "URU"]
[SourceTitle "CBM 172 Extra"]
[Source "ChessBase"]
[SourceDate "2016.06.21"]
[SourceVersion "1"]
[SourceVersionDate "2016.06.21"]
[SourceQuality "1"]

1. e4 Nf6 2. e5 Nd5 3. d4 d6 4. c4 Nb6 5. f4 dxe5 6. fxe5 Nc6 7. Nf3 Bf5 8. d5 Nb4 9. Nd4 e6 10. Nxf5 exf5 11. Bf4 g5 12. Be3 f4 13. Bd4 Bg7 14. a3 N4xd5 15. cxd5 Qxd5 16. Nc3 Qd7 17. Be2 Kf8 18. Bg4 Qc6 19. Qe2 Bxe5 20. 0-0-0 Bxd4 21. Rxd4 Re8 22. Qf2 Re3 23. Rhd1 Nc4 24. Bd7 Qb6 25. g3 Rf3 26. Qe2 Re3 27. Qxc4 Rf3 28. Nd5 1-0

[Event "Montevideo Trebejos op 04"]
[Site "Montevideo"]
[Date "2016.04.18"]
[Round "4"]
[White "Valls, Luis E"]
[Black "Aguilar, Carla"]
[Result "1-0"]
[WhiteElo "1600"]
[BlackElo "1254"]
[PlyCount "57"]
[EventDate "2016.04.11"]
[EventType "swiss"]
[EventRounds "7"]
[EventCountry "URU"]
[SourceTitle "CBM 172 Extra"]
[Source "ChessBase"]
[SourceDate "2016.06.21"]
[SourceVersion "1"]
[SourceVersionDate "2016.06.21"]
[SourceQuality "1"]

1. f4 d5 2. g3 Nf6 3. Bg2 g6 4. Nf3 Bg7 5. d3 0-0 6. 0-0 Nbd7 7. Nc3 c5 8. Kh1 d4 9. Ne4 b6 10. Rb1 Rb8 11. e3 Nxe4 12. dxe4 dxe3 13. Bxe3 e5 14. f5 Qc7 15. Qc1 Re8 16. Bh6 Nf6 17. Bxg7 Kxg7 18. fxg6 hxg6 19. Ng5 Rf8 20. c4 Bb7 21. Qe3 Qe7 22. h3 Rbd8 23. Rbd1 Rd4 24. Rxd4 cxd4 25. Qd3 Qe8 26. Qa3 Qd8 27. Qxa7 Qd7 28. Qxb6 d3 29. Qxf6+ 1-0

[Event "Montevideo Trebejos op 02"]
[Site "Montevideo"]
[Date "2016.02.22"]
[Round "1"]
[White "Valls, Luis E"]
[Black "Vilarino, Leticia"]
[Result "0-1"]
[WhiteElo "1669"]
[BlackElo "1855"]
[PlyCount "42"]
[EventDate "2016.02.22"]
[EventType "swiss"]
[EventRounds "7"]
[EventCountry "URU"]
[SourceTitle "CBM 171 Extra"]
[Source "ChessBase"]
[SourceDate "2016.04.26"]
[SourceVersion "1"]
[SourceVersionDate "2016.04.26"]
[SourceQuality "1"]

1. f4 d5 2. g3 Nf6 3. Nf3 g6 4. Bg2 Bg7 5. 0-0 0-0 6. d3 Nbd7 7. c3 Re8 8. Nbd2 e5 9. Re1 Qe7 10. fxe5 Nxe5 11. Nxe5 Qxe5 12. e4 dxe4 13. dxe4 Qc5+ 14. Kh1 Ng4 15. Rf1 Nf2+ 16. Rxf2 Qxf2 17. Nc4 Qc5 18. Qf1 Be6 19. Ne3 c6 20. Bd2 Rad8 21. Rc1 Rxd2 0-1

[Event "Montevideo Trebejos op 12"]
[Site "Montevideo"]
[Date "2015.12.14"]
[Round "6"]
[White "Valls, Luis E"]
[Black "Montoli, Sebastian"]
[Result "0-1"]
[WhiteElo "1658"]
[BlackElo "1773"]
[PlyCount "78"]
[EventDate "2015.12.02"]
[EventType "swiss"]
[EventRounds "6"]
[EventCountry "URU"]
[SourceTitle "EXT 2017"]
[Source "ChessBase"]
[SourceDate "2016.10.25"]
[SourceVersion "1"]
[SourceVersionDate "2016.10.25"]
[SourceQuality "1"]

1. d4 d5 2. c4 e6 3. Nc3 Nf6 4. Bg5 Nbd7 5. e3 c6 6. Nf3 Qa5 7. Nd2 Bb4 8. Qc2 dxc4 9. Bxf6 Nxf6 10. Nxc4 Qc7 11. Bd3 0-0 12. Ne5 c5 13. Nf3 cxd4 14. Nxd4 a6 15. Rc1 Bd7 16. 0-0 Rac8 17. Qb1 Qa5 18. Nde2 Bc6 19. a3 Be7 20. Ne4 g6 21. N2g3 Rfd8 22. Rfd1 Nd5 23. Qa1 Bf8 24. b4 Qb6 25. Nf1 Bg7 26. Qb1 f5 27. Nc5 Nc3 28. Qb3 Bd5 29. Bc4 Nxd1 30. Rxd1 Bxc4 31. Rxd8+ Rxd8 32. Qxc4 Re8 33. g3 Qc6 34. Qb3 a5 35. Nd2 Bf8 36. Nd3 axb4 37. axb4 Qd5 38. Qc3 Bg7 39. Qc2 Rd8 0-1

[Event "Montevideo Trebejos op 12"]
[Site "Montevideo"]
[Date "2015.12.02"]
[Round "1"]
[White "Valls, Luis E"]
[Black "Avedisian, Alexander"]
[Result "0-1"]
[WhiteElo "1658"]
[BlackElo "1846"]
[PlyCount "46"]
[EventDate "2015.12.02"]
[EventType "swiss"]
[EventRounds "6"]
[EventCountry "URU"]
[SourceTitle "EXT 2017"]
[Source "ChessBase"]
[SourceDate "2016.10.25"]
[SourceVersion "1"]
[SourceVersionDate "2016.10.25"]
[SourceQuality "1"]

1. d4 Nf6 2. c4 g6 3. Nc3 Bg7 4. e4 d6 5. f3 0-0 6. Be3 c5 7. Nge2 Nc6 8. Qd2 a6 9. g4 Qa5 10. h4 h5 11. gxh5 Nxh5 12. Rg1 b5 13. Bh6 Bxh6 14. Qxh6 cxd4 15. Qxh5 Kg7 16. Nf4 Ne5 17. Ne6+ Bxe6 18. f4 Rh8 19. Qe2 dxc3 20. Kf2 cxb2 21. Qxb2 Rxh4 22. fxe5 Qb6+ 23. Kg3 Rg4+ 0-1